| 000 | 00563nam a2200181 a 4500 | ||
|---|---|---|---|
| 001 | 4891 | ||
| 003 | CO-ViMGA | ||
| 008 | 141112s2004 ck r 000 u spa d | ||
| 040 |
_aCO-ViMGA _bspa _cCO-ViMGA |
||
| 082 | 0 | 4 | _a610.73 U548p |
| 100 | 1 |
_aUniversidad Nacional de Colombia - Facultad de Enfermería _93066 |
|
| 245 | 1 | 0 | _aPrincipios científicos aplicados en las actividades básicas de enfermería |
| 250 | _a4a | ||
| 260 |
_aSantafé de Bogotá : _bFondo Nacional Universitario, _c1992 |
||
| 300 | _a296 p : il | ||
| 650 | 1 | 4 | _aENFERMERIA |
| 942 |
_2ddc _cBK |
||
| 999 |
_c16897 _d16897 |
||